RADIOLOGICAL PROCEDURES (Record no. 9024)

MARC details
000 -LEADER
fixed length control field 00484nam a22001817a 4500
005 - DATE AND TIME OF LATEST TRANSACTION
control field 20251204143132.0
008 - FIXED-LENGTH DATA ELEMENTS--GENERAL INFORMATION
fixed length control field 251203b |||||||| |||| 00| 0 eng d
020 ## - INTERNATIONAL STANDARD BOOK NUMBER
ISBN 978-93-9410-225-5
041 ## - LANGUAGE CODE
Language code of text/sound track or separate title eng
082 ## - DEWEY DECIMAL CLASSIFICATION NUMBER
Classification number 616.075 48 LAK
100 ## - MAIN ENTRY--AUTHOR NAME
Personal name LAKHKAR, BHUSHAN AND LAKHKAR / GURU, BHUSHITA
245 ## - TITLE STATEMENT
Title RADIOLOGICAL PROCEDURES
250 ## - EDITION STATEMENT
Edition statement 4TH ED. 2022
260 ## - PUBLICATION, DISTRIBUTION, ETC. (IMPRINT)
Name of publisher ARYA PUBLISHING COMPANEY
300 ## - PHYSICAL DESCRIPTION
Number of Pages 344;P
650 ## - SUBJECT ADDED ENTRY--TOPICAL TERM
Topical Term PARAMEDICAL
General subdivision BMIRT
942 ## - ADDED ENTRY ELEMENTS (KOHA)
Koha item type Books
Holdings
Lost status Damaged status Collection code Home library Current library Shelving location Date acquired Source of acquisition Cost, normal purchase price Serial Enumeration / chronology Full call number Accession Number Koha item type
    PARAMEDICAL JRU Library JRU Library SHELF-106-E 01/12/2025 PURCHASE 425.00 LBI-000811/28-11-2025 616.075 48 LAK 29132 Books
    PARAMEDICAL JRU Library JRU Library SHELF-106-E 01/12/2025 PURCHASE 425.00 LBI-000811/28-11-2025 616.075 48 LAK 29133 Books
    PARAMEDICAL JRU Library JRU Library SHELF-106-E 01/12/2025 PURCHASE 425.00 LBI-000811/28-11-2025 616.075 48 LAK 29134 Books
    PARAMEDICAL JRU Library JRU Library SHELF-106-E 01/12/2025 PURCHASE 425.00 LBI-000811/28-11-2025 616.075 48 LAK 29135 Books
    PARAMEDICAL JRU Library JRU Library SHELF-106-E 01/12/2025 PURCHASE 425.00 LBI-000811/28-11-2025 616.075 48 LAK 29136 Books